| 000 | 00000nam##2200000za#4500 |
| 001 | 9.602652 |
| 003 | CaOODSP |
| 005 | 20210624210658 |
| 007 | cr ||||||||||| |
| 008 | 150406|2000||||xxc|||||o f|0| 0 fre|d |
| 040 | |aCaOODSP|bfre |
| 043 | |an-cn--- |
| 086 | 1 |aNH18-22/100-100F-PDF |
| 110 | 2 |aSociété canadienne d'hypothèques et de logement. |
| 245 | 10|aMesure de l'équilibrage de la pression de deux panneaux de béton préfabriqués |h[ressource électronique] |
| 260 | |aOttawa - Ontario : |bSociété canadienne d'hypothèques et de logement |c[2000]. |
| 300 | |a4p.|bfigures |
| 490 | 1 |aLe point en recherche. Série technique |v00-100 |
| 590 | |a11-29-Supp|b2011-11-25 |
| 691 | 07|aMatériau de construction|2gcpds |
| 775 | 08|tMeasured pressure-equalized performance of two precast concrete panels |w(CaOODSP)9.572271 |
| 776 | 0#|tMesure de l'équilibrage de la pression de deux panneaux de béton préfabriqués |w(CaOODSP)9.625510 |
| 830 | #0|aLe point en recherche. Série technique ;|v00-100|w(CaOODSP)9.501067 |
| 856 | 40|ahttp://publications.gc.ca|qPDF|s193 Ko|uhttps://publications.gc.ca/collections/Collection/NH18-22-100-100F.pdf|y00-100 |